Dadabhai Naoroji : (Record no. 140174)

MARC details
000 -LEADER
fixed length control field 00938nam a22002417a 4500
005 - DATE AND TIME OF LATEST TRANSACTION
control field 20180705152330.0
010 ## - LCCN (DPL NO)
LC control number 1718EN-30 ENG-118276 B-687517-523
020 ## - INTERNATIONAL STANDARD BOOK NUMBER
International Standard Book Number 9780198076667
Terms of availability 1495.00
035 ## - SYSTEM CONTROL NUMBER
System control number EN-101808
035 ## - SYSTEM CONTROL NUMBER
System control number B-687517-523
037 ## - SOURCE OF ACQUISITION
Source of stock number/acquisition Uppal
Stock number dpl
037 ## - SOURCE OF ACQUISITION
Source of stock number/acquisition DBAD/PUB
082 ## - DEWEY DECIMAL CLASSIFICATION NUMBER
Classification number 954.084092
245 ## - TITLE STATEMENT
Title Dadabhai Naoroji :
Statement of responsibility, etc edited by S. R. Mehrotra [and] Dinyar Patel
Remainder of title selected private papers /
260 ## - PUBLICATION, DISTRIBUTION, ETC. (IMPRINT)
Place of publication, distribution, etc New Delhi
Name of publisher, distributor, etc Oxford University Press
Date of publication, distribution, etc 2017
270 ## - ADDRESS
Address YMCA Library Building,1 Jai Singh Road
City New Delhi
Postal code 110001
300 ## - PHYSICAL DESCRIPTION
Extent xlix,604p.
Dimensions 23cm.(Hb)
500 ## - GENERAL NOTE
General note Includes index
700 ## - ADDED ENTRY--PERSONAL NAME
Personal name Mehrotra, S. R.
700 ## - ADDED ENTRY--PERSONAL NAME
Personal name Patel, Dinyar
942 ## - ADDED ENTRY ELEMENTS (KOHA)
Source of classification or shelving scheme Dewey Decimal Classification
Item type English Books
Classification part 954.084092
Call number suffix DAD
Holdings
Withdrawn status Lost status Not for loan Collection code Home library Current library Date acquired Source of acquisition Cost, normal purchase price Full call number Barcode Copy number Cost, replacement price Koha item type
      Non-fiction Ashok Vihar Ashok Vihar 22/05/2017 DBAD/PUB 1495.00 954.084092 DAD EN-101808 1 1495.00 English Books
      Non-fiction Ashok Vihar Ashok Vihar 02/07/2018 Uppal 14884 04-12-2017/691/ 20-11-2017/ 10-01-2018 1495.00 954.084092 DAD B-687518 1 1495.00 English Books
      Non-fiction Bawana Bawana 02/07/2018 Uppal 14884 04-12-2017/691/ 20-11-2017/ 10-01-2018 1495.00 954.084092 DAD B-687523 1 1495.00 English Books
      Non-fiction Central Library Central Library 02/07/2018 Uppal 14884 04-12-2017/691/ 20-11-2017/ 10-01-2018 1495.00 954.084092 DAD B-687517 1 1495.00 English Books
      Non-fiction Janak Puri Janak Puri 02/07/2018 Uppal 14884 04-12-2017/691/ 20-11-2017/ 10-01-2018 1495.00 954.084092 DAD B-687520 1 1495.00 English Books
      Non-fiction Narela Narela 02/07/2018 Uppal 14884 04-12-2017/691/ 20-11-2017/ 10-01-2018 1495.00 954.084092 DAD B-687522 1 1495.00 English Books
      Non-fiction Patel Nagar Patel Nagar 02/07/2018 Uppal 14884 04-12-2017/691/ 20-11-2017/ 10-01-2018 1495.00 954.084092 DAD B-687519 1 1495.00 English Books
      Non-fiction Sarojini Nagar Sarojini Nagar 02/07/2018 Uppal 14884 04-12-2017/691/ 20-11-2017/ 10-01-2018 1495.00 954.084092 DAD B-687521 1 1495.00 English Books

© Delhi Public Library
Hit Counter
free hit counter